| 000 | 01640nam a22002657i 4500 | ||
|---|---|---|---|
| 003 | DO-SdBNP | ||
| 005 | 20260321073646.0 | ||
| 007 | ta | ||
| 008 | 240402b1983 dr ||||| |||| 00| 0 spa d | ||
| 040 |
_aDO-SdBNP _bspa _cBNPHU _erda |
||
| 082 | 4 |
_a305.5097293 _bB742cla 1983 _222 |
|
| 100 | 1 |
_a Bosch, Juan, _d1909-2001 _976555 |
|
| 245 | 1 | 0 |
_aClases sociales en la República Dominicana / _cJuan Bosch. |
| 250 | _aSegunda edición | ||
| 264 | 1 |
_aSanto Domingo : _bEditora Corripio, _c1983. |
|
| 300 |
_a259 páginas ; _c21 cm. |
||
| 336 |
_2rdacontent _atexto _btxt |
||
| 337 |
_2rdamedia _asin mediación _bn |
||
| 338 |
_2rdacarrier _avolumen _bnc |
||
| 505 | 0 |
_aIntroducción -- _tLa educación es una actividad clasista -- _tAnalizando a la pequeña burguesía -- _tSobre el desarrollo de las clases en el país -- _tBalaguerismo y Perredeísmo -- _tDiscurso en el primer congreso -- _tPolítica y poder -- _tClases y psicología -- _tVotaciones y elecciones -- _tNo siempre la clase dominante es clase gobernante -- _tCapitalismo tardío y clases sociales en la América Latina -- _tAlgo más sobre la clase dominante que no es clase gobernante -- _tApariencias y sustancia del capitalismo en la República Dominicana -- _tCapas de la pequeña burguesía en la República Dominicana -- _tLa pequeña burguesía y el programa socialista -- _tConciencia política y programa socialista -- _t¿Cuándo pasa una clase a ser gobernante? -- _tCapitalismo y clase obrera. |
|
| 590 | _aInventariado, 2024 /LP | ||
| 650 | 0 |
_aClases sociales _zRepública Dominicana _91062 |
|
| 651 | 4 |
_aRepública Dominicana _xCondiciones sociales _946 |
|
| 942 |
_2ddc _cLBS1 |
||
| 999 |
_c56207 _d56207 |
||